MARC details
| 000 -LEADER |
| campo de control de longitud fija |
01488cam a2200421 a 4500 |
| 001 - NÚMERO DE CONTROL |
| campo de control |
74644 |
| 005 - FECHA Y HORA DE LA ÚLTIMA TRANSACCIÓN |
| campo de control |
20230410120806.0 |
| 008 - DATOS DE LONGITUD FIJA--INFORMACIÓN GENERAL |
| campo de control de longitud fija |
910708s1992 nyu b 001 0 eng |
| 010 ## - NÚMERO DE CONTROL DE LA BIBLIOTECA DEL CONGRESO |
| Número de control de LC |
91026015 |
| 035 ## - NÚMERO DE CONTROL DEL SISTEMA |
| Número de control de sistema |
(OCoLC)ocm24174784 |
| 040 ## - FUENTE DE CATALOGACIÓN |
| Centro catalogador/agencia de origen |
DLC |
| Centro/agencia transcriptor |
DLC |
| Centro/agencia modificador |
OCJ |
| -- |
AGL |
| -- |
LFY |
| -- |
OCLCQ |
| -- |
BAKER |
| -- |
BTCTA |
| -- |
YDXCP |
| -- |
MUQ |
| -- |
OCLCG |
| 020 ## - NÚMERO INTERNACIONAL ESTÁNDAR DEL LIBRO |
| Número Internacional Estándar del Libro |
0029161959 : |
| Condiciones de disponibilidad |
$22.95 |
| 020 ## - NÚMERO INTERNACIONAL ESTÁNDAR DEL LIBRO |
| Número Internacional Estándar del Libro |
9780029161951 |
| 029 1# - OTRO NÚMERO DE CONTROL DE SISTEMA (OCLC) |
| Identificador de la biblioteca OCLC |
NLGGC |
| Número de control de sistema |
085972703 |
| 029 1# - OTRO NÚMERO DE CONTROL DE SISTEMA (OCLC) |
| Identificador de la biblioteca OCLC |
YDXCP |
| Número de control de sistema |
10946 |
| 029 1# - OTRO NÚMERO DE CONTROL DE SISTEMA (OCLC) |
| Identificador de la biblioteca OCLC |
NZ1 |
| Número de control de sistema |
3893497 |
| 029 1# - OTRO NÚMERO DE CONTROL DE SISTEMA (OCLC) |
| Identificador de la biblioteca OCLC |
AU@ |
| Número de control de sistema |
000008345438 |
| 035 ## - NÚMERO DE CONTROL DEL SISTEMA |
| Número de control de sistema |
(OCoLC)24174784 |
| 043 ## - CÓDIGO DE ÁREA GEOGRÁFICA |
| Código de área geográfica |
n-us--- |
| 050 14 - SIGNATURA TOPOGRÁFICA DE LA BIBLIOTECA DEL CONGRESO |
| Número de clasificación |
HV4764 |
| Número de ítem |
J39a 1992 |
| 072 #0 - CÓDIGO DE CATEGORÍA DE MATERIA |
| Código de categoría de materia |
L800 |
| 072 #0 - CÓDIGO DE CATEGORÍA DE MATERIA |
| Código de categoría de materia |
X800 |
| 082 00 - NÚMERO DE LA CLASIFICACIÓN DECIMAL DEWEY |
| Número de clasificación |
179/.3 |
| Número de edición |
20 |
| 100 1# - ENTRADA PRINCIPAL--NOMBRE DE PERSONA |
| Nombre de persona |
Jasper, James M., |
| Fechas asociadas al nombre |
1957- |
| 245 14 - MENCIÓN DEL TÍTULO |
| Título |
The animal rights crusade : |
| Resto del título |
the growth of a moral protest / |
| Mención de responsabilidad, etc. |
James M. Jasper and Dorothy Nelkin. |
| 260 ## - PUBLICACIÓN, DISTRIBUCIÓN, ETC. |
| Lugar de publicación, distribución, etc. |
New York : |
| Nombre del editor, distribuidor, etc. |
Free Press ; |
| Lugar de publicación, distribución, etc. |
Toronto : |
| Nombre del editor, distribuidor, etc. |
Maxwell Macmillan Canada ; |
| Lugar de publicación, distribución, etc. |
New York : |
| Nombre del editor, distribuidor, etc. |
Maxwell Macmillan International, |
| Fecha de publicación, distribución, etc. |
1992. |
| 300 ## - DESCRIPCIÓN FÍSICA |
| Extensión |
x, 214 p. ; |
| Dimensiones |
25 cm. |
| 504 ## - NOTA DE BIBLIOGRAFÍA, ETC. |
| Nota de bibliografía, etc. |
Includes bibliographical references (p. 179-205) and index. |
| 650 #0 - PUNTO DE ACCESO ADICIONAL DE MATERIA--TÉRMINO DE MATERIA |
| Término de materia o nombre geográfico como elemento de entrada |
Animal rights movement |
| Subdivisión geográfica |
United States. |
| 650 #6 - PUNTO DE ACCESO ADICIONAL DE MATERIA--TÉRMINO DE MATERIA |
| Término de materia o nombre geográfico como elemento de entrada |
Mouvement pour la dâefense des droits des animaux |
| Subdivisión geográfica |
âEtats-Unis. |
| 700 1# - ENTRADA AGREGADA--NOMBRE PERSONAL |
| Nombre de persona |
Nelkin, Dorothy. |
| 938 ## - |
| -- |
Baker & Taylor |
| -- |
BKTY |
| -- |
27.95 |
| -- |
20.96 |
| -- |
0029161959 |
| -- |
0001955123 |
| -- |
active |
| 938 ## - |
| -- |
Baker and Taylor |
| -- |
BTCP |
| -- |
91026015 //r92 |
| -- |
$22.95 |
| 938 ## - |
| -- |
YBP Library Services |
| -- |
YANK |
| -- |
10946 |
| 942 ## - ELEMENTOS DE ENTRADA SECUNDARIOS (KOHA) |
| Fuente del sistema de clasificación o colocación |
Clasificación de Library of Congress |
| Tipo de ítem Koha |
|
| 946 ## - PROCESAMIENTO DE INFORMACIÓN LOCAL (OCLC) |
| a |
ccruz |
| 994 ## - |
| -- |
C0 |
| -- |
DRFGD |